Chefs-lieux des régions de France - Statistiques

Statistiques générales
  • Ce quiz a été pris 584 fois
  • Le résultat moyen est 12 sur 13
Statistiques - réponses
Région Chef-lieu de région % Correct
Île-de-France Paris
99%
Nouvelle-Aquitaine Bordeaux
96%
Hauts-de-France Lille
96%
Auvergne-Rhône-Alpes Lyon
96%
Provence-Alpes-Côte d'Azur Marseille
95%
Corse Ajaccio
94%
Bretagne Rennes
94%
Grand Est Strasbourg
94%
Occitanie Toulouse
94%
Pays de la Loire Nantes
89%
Bourgogne-Franche-Comté Dijon
88%
Centre-Val de Loire Orléans
81%
Normandie Rouen
80%
Aucun quiz correspondant
Distribution des résultats
% des personnes avec chaque résultat
Percentile par nombre de réponses
Votre historique - résultats
Vous n’avez pas pris ce quiz